01738nam a22004577a 450000100030000000300060000300500170000900800410002601000170006702000320008402000290011603500240014504000400016904200200020905000250022908200150025410000310026924500900030026400540039030000680044433600260051233600330053833700280057133800270059950000430062650000800066952002020074952100210095152100170097265000370098965000170102665000220104365000220106565000220108765000220110965000370113165000170116865500340118565500260121970000350124560FISKH20230221090630.0230221b cb ||||| |||| 00| 0 eng d a 2021289190 a9780593110409q(board book) a0593110404q(board book) a(OCoLC)on1191225641 aHHObengcHHOerdadSDGdOCLCFdDLC alccopycatalcac00aPZ8.3.D7235bRo 202000a823.922231 aDonaldson, Julia,eauthor.10aRoom on the broom /cbased on the picture book by Julia Donaldson and Axel Scheffler. 1aNew York :bDial Books for Young Readers,c[2020] a1 volume (unpaged) :bchiefly color illustrations ;c18 x 18 cm atextbtxt2rdacontent astill imagebsti2rdacontent aunmediatedbn2rdamedia avolumebnc2rdacarrier a"A push, pull, and slide book."--cover aOriginally published in 2020 by Macmillan Children's Books, United Kingdom. aA witch finds room on her broom for all the animals that ask for a ride, and they repay her kindness by rescuing her from a dragon. Pull-tabs cause panel to slide, revealing different illustrations8 a600bAD L Lexile8 aK bRaz-Plus 0aToy and movable booksvSpecimens 0aBoard books. 1aStories in rhyme. 1aWitchesvFiction. 1aAnimalsvFiction. 1aDragonsvFiction. 1aToy and movable booksvSpecimens 1aBoard books. 7aToy and movable books.2lcgft 7aPicture books.2lcgft1 aScheffler, Axel,eillustrator.